Pediatric Nursing Care Plans (Record no. 157467)

MARC details
000 -LEADER
fixed length control field 00345nam a2200133Ia 4500
008 - FIXED-LENGTH DATA ELEMENTS--GENERAL INFORMATION
fixed length control field 230411s9999 xx 000 0 und d
041 ## - LANGUAGE CODE
Language code of text/sound track or separate title eng
082 ## - DEWEY DECIMAL CLASSIFICATION NUMBER
Classification number P/610.7362/BEE/B07335
100 ## - MAIN ENTRY--PERSONAL NAME
Personal name Beevi Assuma
245 ## - TITLE STATEMENT
Title Pediatric Nursing Care Plans
260 ## - PUBLICATION, DISTRIBUTION, ETC. (IMPRINT)
Name of publisher, distributor, etc. Jaypee Brothers
Place of publication, distribution, etc. New Delhi
Date of publication, distribution, etc. 2012
300 ## - PHYSICAL DESCRIPTION
Extent 364p
Holdings
Withdrawn status Lost status Damaged status Not for loan Collection code Home library Current library Date acquired Vendor Cost, normal purchase price Bill number Shelving control number Full call number Barcode Date last seen Cost, replacement price Bill Date Koha item type Original Barcode
      Reference   Smt. Bakul Tambat Institute of Nursing Education Smt. Bakul Tambat Institute of Nursing Education 31/12/2012 Jaypee Brothers Medical Publishers 425.00 4075 2 P 610.7362 BEE B07335 BTIN-BK-7335 11/04/2023 310.00 31/12/2012 Books B07335